| 000 | 01136nam a22003617a 4500 | ||
|---|---|---|---|
| 003 | CHAP | ||
| 005 | 20220329140847.0 | ||
| 008 | 971013s1994 r 00010 d | ||
| 010 | _a58828 | ||
| 011 | _a59800 | ||
| 035 | _a63960 | ||
| 040 | _cCHAP | ||
| 082 |
_a633.83 _bC4 |
||
| 100 | 0 | 0 |
_aCharalambous, George _eed. _921948 |
| 245 | _aSpices, herbs and edible fungi | ||
| 260 |
_aAmsterdam : _bElsevier, _c1994 |
||
| 300 | _a764 p. | ||
| 490 |
_aDevelopments in food science _v; 34 |
||
| 590 |
_aBATCH-UPD _b10 _c20130110 _lUCH01 _h0050 |
||
| 590 |
_aBATCH-UPD _b10 _c20130110 _lUCH01 _h1154 |
||
| 590 |
_aBATCH-UPD _b10 _c20130410 _lUCH01 _h0737 |
||
| 590 |
_aBATCH-UPD _b10 _c20130913 _lUCH01 _h1856 |
||
| 590 |
_aCONVERSION _b10 _c20130109 _lUCH01 _h1332 |
||
| 650 | 1 | 4 |
_aAceites esenciales. _9455 |
| 650 | 1 | 4 |
_aChile (Botánica) _922341 |
| 650 | 1 | 4 |
_aEspecias. _937785 |
| 650 | 1 | 4 |
_aHongos comestibles. _956124 |
| 650 | 1 | 4 |
_aVainilla. _9117192 |
| 830 | 0 |
_aDevelopments in food science _v; 34 _932284 |
|
| 901 | _aBK | ||
| 942 | _cLIBRO | ||
| 949 |
_a633.83 C4 _bBC _cLIBRO _d33724000082442 _eLIBRO _gI.180768 _h89965 _i63960 _si _t2750.00 |
||
| 999 |
_c58828 _d58828 |
||